Untersuchungen zur Lohn- und Preisbildung in der Inflationstheorie /
Disimpan dalam:
| Pengarang Utama: | |
|---|---|
| Format: | Buku |
| Bahasa: | German |
| Diterbitkan: |
Meisenheim am Glan :
A. Hain, 1974.
|
| Siri: | Schriften zur wirtschaftswissenschaftlichen Forschung ;
Bd. 84. |
| Subjek-subjek: | |
| Penanda-penanda: |
Tambah Penanda
Tiada Penanda, Jadilah orang pertama menanda rekod ini!
|
| LEADER | 00834cam a22002531i 4500 | ||
|---|---|---|---|
| 001 | 005299449-X | ||
| 005 | 20020606095253.2 | ||
| 008 | 760913n gw b 000 0 ger | ||
| 010 | |a 75574867 | ||
| 020 | |a 3445011613 | ||
| 035 | 0 | |a ocm02403642 | |
| 040 | |a DLC |c COO |d DLC |d HLS | ||
| 050 | 0 | 0 | |a HG229 |b .H65 |
| 100 | 1 | |a Hofmeister, Heidemarie. | |
| 245 | 1 | 0 | |a Untersuchungen zur Lohn- und Preisbildung in der Inflationstheorie / |c Heidemarie Hofmeister. |
| 260 | |a Meisenheim am Glan : |b A. Hain, |b 1974. | ||
| 300 | |a 319 p. ; |c 23 cm. | ||
| 490 | 1 | |a Schriften zur wirtschaftswissenschaftlichen Forschung ; |v Bd. 84 | |
| 504 | |a Bibliography: p. 303-319. | ||
| 650 | 0 | |a Inflation (Finance) | |
| 650 | 0 | |a Wage-price policy. | |
| 830 | 0 | |a Schriften zur wirtschaftswissenschaftlichen Forschung ; |v Bd. 84. | |
| 988 | |a 20020608 | ||
| 906 | |0 DLC | ||


